LEADER 03127nam a22005417a 4500
001 44373
003 BD-DhAAL
005 20251019121336.0
008 250422t2005 nyua b 000 0 eng d
010 |a  2006272234 
020 |a 184407224X 
035 |a (OCoLC)ocm60777898 
040 |a BID  |c BID  |d TXA  |d IXA  |d BAKER  |d DLC  |d BD-DhAAL 
042 |a lccopycat 
043 |a d------ 
050 0 0 |a RA564.85  |b .W48 2005 
082 0 0 |a 362.1082  |2 22 
245 0 0 |a Who's got the power? :  |b transforming health systems for women and children /  |c UN Millennium Project, Task Force on Child Health and Maternal Health ; Lead authors: Lynn P. Freedman ... [et al.]. 
246 3 0 |a Transforming health systems for women and children 
246 3 0 |a UN millennium project. task force on child health and maternal health 
246 3 0 |a Task force on child health and maternal health 
260 |a London, Sterling, Va :  |b Earthscan ;  |a New York :  |b United Nations Development Programme,  |c c2005. 
300 |a xvii, 185 pages :  |b illustrations ;  |c 26 cm. 
504 |a Includes bibliographical references (p. [160]-185). 
526 |a AAL 
538 |a Also available electronically on the World Wide Web. 
541 |a Complimentary copy from Dr. Ahmed Mushtaque Raza Chowdhury (Former Vice Chairperson of BRAC)  |e 44373, 44374 
610 2 0 |a UN Millennium Project.  |b Task Force on Child Health and Maternal Health.  |9 58097 
650 0 |a Women  |x Health and hygiene  |z Developing countries.  |9 58098 
650 0 |a Women  |x Nutrition  |z Developing countries.  |9 58102 
650 0 |a Women's health services  |z Developing countries.  |9 58100 
650 0 |a Children  |x Health and hygiene  |z Developing countries.  |9 58099 
650 0 |a Maternal health services  |z Developing countries.  |9 13028 
700 1 |a Freedman, Lynn P.  |9 58101 
700 1 |a Freedman, Lynn P.  |9 58101 
700 1 |a Waldman, Ronald J.  |9 58117 
700 1 |a Pinho, Helen de.  |9 58118 
700 1 |a Wirth, Meg E.  |9 58119 
700 1 |a Chowdhury, A. Mushtaque Raza.  |9 58120 
700 1 |a Rosenfield, Allan.  |9 58121 
710 2 |a UN Millennium Project.  |9 47959 
710 2 |a United Nations Development Programme. 
852 |a Ayesha Abed Library   |c Ahmed Mushtaque Raza Chowdhury Collection 
856 4 2 |3 Contributor biographical information  |u http://www.loc.gov/catdir/enhancements/fy1111/2006272234-b.html 
942 |2 ddc  |c BK 
999 |c 47278  |d 47278 
952 |0 0  |1 0  |2 ddc  |4 0  |6 362_108200000000000_WHO  |7 1  |9 77620  |a BRACUL  |b BRACUL  |c AMRC  |d 2025-04-22  |e Complimentary copy from Dr. Ahmed Mushtaque Raza Chowdhury (Former Vice Chairperson of BRAC)  |l 0  |o 362.1082 WHO  |p 3010044373  |r 2025-04-22  |t 1  |w 2025-04-22  |y BK  |x Complimentary copy received from Dr. Ahmed Mushtaque Raza Chowdhury (Former Vice Chairperson of BRAC) on 17 April 2025. 
952 |0 0  |1 0  |2 ddc  |4 0  |6 362_108200000000000_WHO  |7 1  |9 77621  |a BRACUL  |b BRACUL  |c AMRC  |d 2025-04-22  |e Complimentary copy from Dr. Ahmed Mushtaque Raza Chowdhury (Former Vice Chairperson of BRAC)  |l 0  |o 362.1082 WHO  |p 3010044374  |r 2025-04-22  |t 2  |w 2025-04-22  |y BK  |x Complimentary copy received from Dr. Ahmed Mushtaque Raza Chowdhury (Former Vice Chairperson of BRAC) on 17 April 2025.